My name is Earl opening Quiz Stats

 Plays Quiz not verified by Sporcle

Challenge
Share
Tweet
Embed
Score 0/81 Timer 04:00
0 Plays Today
% Correct
the
92.6%
and
92.6%
the
92.6%
a
92.6%
and
92.6%
a
92.6%
You
88.7%
is
88.2%
my
86.6%
my
86.6%
earl
85.7%
name
85.4%
guy
84.7%
know
83.7%
of
82.8%
of
82.8%
bad
80%
bad
80%
bad
80%
that
78%
who
76.8%
kind
76.6%
things
75.4%
me
70%
me
70%
to
69.7%
to
69.7%
% Correct
to
69.7%
karma
69.3%
life
68.7%
does
65.1%
be
62.8%
why
61.7%
person
60%
was
59.7%
was
59.7%
i'm
59.1%
i'm
59.1%
better
59.1%
list
58.9%
his
58.4%
well
58.2%
ever
58.2%
wonders
58%
sucks
57.6%
just
57%
trying
57%
all
54.7%
good
53%
then
52.6%
but
52.2%
so
51.8%
nothing
50.8%
i
46.4%
% Correct
i
46.4%
i
46.4%
made
42.4%
done
40.7%
make
40.1%
one
39.7%
one
39.7%
for
39.6%
up
39.5%
when
39.2%
by
38.9%
something
37.6%
something
37.6%
around
37.5%
corner
35.8%
always
35.1%
happened
34.3%
that's
33.8%
i've
33.7%
waiting
31.8%
mistakes
31.7%
change
29.6%
everytime
28.4%
had
28.3%
gonna
26.1%
everything
24.5%
realised
19.1%

You're not logged in!

Compare scores with friends on all Sporcle quizzes.
OR
Log In

You Might Also Like...

Show Comments

Extras

Created Mar 17, 2011ReportNominate
Tags:earl

Top Quizzes Today


Score Distribution

Your Account Isn't Verified!

In order to create a playlist on Sporcle, you need to verify the email address you used during registration. Go to your Sporcle Settings to finish the process.

Report this User

Report this user for behavior that violates our Community Guidelines.

Details: